NBA2k17 Quiz - Statistics

General Stats
  • This quiz has been taken 2,418 times
  • The average score is 5 of 8
Answer Stats
Question Answer % Correct
Who was on the cover Paul George
91%
Who was the highest rated current day card Lebron James
84%
Can you use your mycareer player in blacktop True/Yes
82%
What tier comes after the gold badge Hall Of Fame Badge
67%
What is the archetype name of a person good at driving Slasher
60%
What gamemode is MyCareer online MyPark
57%
What is the archetype name of a big man that shoots Stretch Big
51%
What is the new RTTP name MyTeam Online
8%
No matching quizzes found
Score Distribution
Percent of People with Each Score
Percentile by Number Answered
Your Score History
You have not taken this quiz